[Event "2BLO 1920 Nickelhütte Aue - FC Bayern M"]
[Site "?"]
[Date "2021.08.08"]
[Round "10.3"]
[White "Zajogin, Alexander"]
[Black "Gonda, Laszlo"]
[Result "1/2-1/2"]
[WhiteElo "2412"]
[BlackElo "2496"]
[PlyCount "54"]
[EventDate "2021.??.??"]

1. d4 Nf6 2. Bg5 d5 3. Bxf6 gxf6 4. c4 dxc4 5. e3 c5 6. d5 Rg8 7. Nc3 a6 8. a4
Nd7 9. Nge2 Ne5 10. Ng3 Bg4 11. Qc2 h5 12. h3 h4 13. hxg4 hxg3 14. f3 Qa5 15.
Be2 f5 16. Qxf5 Bg7 17. O-O-O Nd7 18. Rh7 O-O-O 19. Rxg7 Rxg7 20. Bxc4 Kb8 21.
Qf4+ Ka7 22. Kc2 f6 23. Qxg3 Ne5 24. Qf4 Rd6 25. Bf1 Rb6 26. d6 Rb4 27. dxe7
Rxe7 1/2-1/2

[Event "2BLO 1920 Nickelhütte Aue - FC Bayern M"]
[Site "?"]
[Date "2021.08.08"]
[Round "10.4"]
[White "Londyn, Radek"]
[Black "Klebel, Martin"]
[Result "1/2-1/2"]
[WhiteElo "2391"]
[BlackElo "2359"]
[PlyCount "99"]
[EventDate "2021.??.??"]

1. e4 c5 2. Be2 Nc6 3. f4 g6 4. Nf3 Bg7 5. O-O d6 6. c3 e6 7. Na3 Nge7 8. Nc2
O-O 9. d4 cxd4 10. Ncxd4 Nxd4 11. Nxd4 Bd7 12. Be3 a6 13. Qd2 Rc8 14. Rad1 d5
15. e5 Nf5 16. Nxf5 gxf5 17. Rf3 Bb5 18. Bxb5 axb5 19. a3 f6 20. exf6 Bxf6 21.
Bd4 Rc4 22. Rg3+ Kh8 23. Rd3 Bxd4+ 24. Rxd4 Qf6 25. Qe3 Rfc8 26. h3 Kg8 27. Kh2
Kf7 28. R1d3 Qe7 29. Qe2 Qh4 30. Qe3 Qe7 31. Rd2 Rxd4 32. Rxd4 Rc4 33. Kg3 Qc7
34. Kf3 h5 35. Qf2 Qc5 36. Ke2 Ke8 37. Qe3 Kd7 38. Qe5 Rxd4 39. Qxd4 Qxd4 40.
cxd4 b4 41. a4 Kd6 42. Kf3 Ke7 43. Kf2 Ke8 44. Kf3 Ke7 45. g3 Kf6 46. Ke3 Ke7
47. a5 Kd7 48. Kf3 Ke7 49. b3 Kf6 50. h4 1/2-1/2

[Event "2BLO 1920 Nickelhütte Aue - FC Bayern M"]
[Site "?"]
[Date "2021.08.08"]
[Round "10.5"]
[White "Rodewis, Thomas"]
[Black "Langrock, Hannes"]
[Result "1-0"]
[WhiteElo "2373"]
[BlackElo "2352"]
[PlyCount "207"]
[EventDate "2021.??.??"]

1. d4 f5 2. g3 Nf6 3. Bg2 g6 4. c4 Bg7 5. Nc3 d6 6. d5 c6 7. Nh3 O-O 8. Nf4 e5
9. dxe6 Qe7 10. O-O Na6 11. Qc2 Nc5 12. b3 Nxe6 13. Nxe6 Bxe6 14. Ba3 Rad8 15.
Rad1 Rfe8 16. Rd2 Qc7 17. Rfd1 d5 18. cxd5 cxd5 19. Bb2 Rd7 20. Nb5 Qa5 21. Nd4
Bf7 22. Qb1 Ne4 23. Rc2 Rc7 24. Rxc7 Qxc7 25. e3 Rc8 26. Rc1 Qd8 27. Ne2 Bf8
28. Rxc8 Qxc8 29. Qd1 Qc5 30. h4 a6 31. a3 a5 32. Qd3 Bh6 33. Nf4 Bf8 34. Bf3
h6 35. Ne2 h5 36. Kg2 Bh6 37. Nf4 Bf8 38. Be2 Bh6 39. Bf1 Bf8 40. Ne2 Bh6 41.
Kg1 Bf8 42. f3 Nd6 43. Kf2 Be6 44. Qd2 Ne8 45. Nf4 Bf7 46. Nd3 Qb6 47. b4 axb4
48. axb4 Qc7 49. Be5 Nd6 50. Ba1 Ne8 51. Nf4 Qd6 52. Bc3 Bg7 53. Bxg7 Kxg7 54.
Qc3+ Qf6 55. Qxf6+ Kxf6 56. Ne2 Nc7 57. Nd4 Be8 58. Ke1 b6 59. Kd2 Ke5 60. Kc3
Bd7 61. Bd3 Be8 62. Ne2 Bf7 63. Nf4 Be8 64. Be2 Bf7 65. Nd3+ Kd6 66. Nb2 Be8
67. Kd2 Ke6 68. Nd3 Kd6 69. Nf4 Ke5 70. Kc3 Bf7 71. Bd3 Be8 72. Ne2 Bf7 73. Nd4
Be8 74. Be2 Bd7 75. Kd2 Kd6 76. Ke1 Ke5 77. Kf2 Ne6 78. Nxe6 Bxe6 79. Bb5 Bf7
80. Ke2 d4 81. Kd3 dxe3 82. Kxe3 Kf6 83. Kd4 f4 84. gxf4 Kf5 85. Ke3 Bd5 86.
Bd3+ Kf6 87. Be4 Be6 88. Bc6 Kf5 89. Bb5 Bd5 90. Bd7+ Kf6 91. Bh3 Bc6 92. Kf2
Bd5 93. Bf1 Bc6 94. Bd3 Bd5 95. Be4 Bc4 96. Ke3 Bb3 97. Kd4 Be6 98. Bd3 Bb3 99.
f5 gxf5 100. f4 Be6 101. Bc4 Bd7 102. Bd3 Be8 103. Kd5 b5 104. Kd6 1-0

[Event "2BLO 1920 Nickelhütte Aue - FC Bayern M"]
[Site "?"]
[Date "2021.08.08"]
[Round "10.6"]
[White "Wichmann, Cliff"]
[Black "Unzicker, Ferdinand"]
[Result "1/2-1/2"]
[WhiteElo "2305"]
[BlackElo "2315"]
[PlyCount "115"]
[EventDate "2021.??.??"]

1. d4 Nf6 2. c4 e6 3. Nf3 d5 4. Nc3 Be7 5. Bf4 O-O 6. e3 b6 7. cxd5 Nxd5 8.
Nxd5 exd5 9. Bd3 c5 10. O-O Nc6 11. Rc1 Be6 12. Bb5 Qc8 13. dxc5 bxc5 14. Ng5
a6 15. Ba4 Rd8 16. Qh5 h6 17. Nxe6 Qxe6 18. Rfd1 Ra7 19. Rd2 c4 20. Bc2 Bb4 21.
Rdd1 Ne7 22. Bb1 Bd6 23. Bg3 Bxg3 24. hxg3 Rb8 25. b3 cxb3 26. axb3 Rxb3 27. e4
Rxb1 28. Rxb1 dxe4 29. Rd8+ Kh7 30. Rbb8 Ng6 31. Qc5 Re7 32. Rb6 Qe5 33. Qxe5
Nxe5 34. Rxa6 Ng4 35. Ra1 Rc7 36. f3 exf3 37. gxf3 Nf6 38. Ra2 h5 39. Kg2 g6
40. Rda8 Kg7 41. R8a7 Rc5 42. Kf2 Rf5 43. R7a5 Ng4+ 44. Ke2 Nh6 45. Rxf5 Nxf5
46. g4 hxg4 47. fxg4 Nh6 48. g5 Nf5 49. Kd3 Nd6 50. Kd4 Nb5+ 51. Ke5 Nc7 52.
Kd6 Ne6 53. Ra5 Nf8 54. Ke7 Nh7 55. Ke8 Kg8 56. Ke7 Kg7 57. Ke8 Kg8 58. Ke7
1/2-1/2

[Event "2BLO 1920 Nickelhütte Aue - FC Bayern M"]
[Site "?"]
[Date "2021.08.08"]
[Round "10.7"]
[White "Mai, Philipp"]
[Black "Pulpan, Jakub"]
[Result "1/2-1/2"]
[WhiteElo "2289"]
[BlackElo "2414"]
[PlyCount "30"]
[EventDate "2021.??.??"]

1. e4 e5 2. f4 d5 3. exd5 exf4 4. Nf3 Nf6 5. Bc4 Nxd5 6. O-O Be7 7. d4 c6 8.
Nc3 Be6 9. Nxd5 Bxd5 10. Bxd5 cxd5 11. Bxf4 Nc6 12. c3 O-O 13. Qe1 Bd6 14. Qg3
Bxf4 15. Qxf4 Qd7 1/2-1/2

[Event "2BLO 1920 Nickelhütte Aue - FC Bayern M"]
[Site "?"]
[Date "2021.08.08"]
[Round "10.8"]
[White "Cerveny, Martin"]
[Black "Lentrodt, Thomas"]
[Result "1/2-1/2"]
[WhiteElo "2406"]
[BlackElo "2243"]
[PlyCount "143"]
[EventDate "2021.??.??"]

1. d4 d5 2. c4 c6 3. Nf3 Nf6 4. e3 e6 5. Nbd2 Nbd7 6. Bd3 Bd6 7. e4 dxe4 8.
Nxe4 Nxe4 9. Bxe4 Nf6 10. Bc2 Qa5+ 11. Bd2 Bb4 12. O-O Bxd2 13. Nxd2 O-O 14.
Qe2 Rd8 15. Nb3 Qc7 16. Rad1 b6 17. Qe5 Qd6 18. Qg5 h6 19. Qh4 Ba6 20. Bd3 Qc7
21. f4 c5 22. f5 e5 23. dxc5 e4 24. Be2 Qe5 25. Rxd8+ Rxd8 26. cxb6 axb6 27.
Rb1 Rc8 28. Qg3 Qxf5 29. Rf1 Qg5 30. Qh3 Rc7 31. Rc1 Qe5 32. Qc3 Qe7 33. a4 Nd5
34. Qd4 Nf4 35. Bf1 Rc6 36. Qe3 Qe5 37. Rc3 Ne6 38. Nd2 f5 39. b4 Bb7 40. Rc1
Rd6 41. c5 bxc5 42. bxc5 Rc6 43. Bc4 Kh7 44. Bxe6 Rxe6 45. Nc4 Qf6 46. g3 g5
47. Rd1 f4 48. Rd7+ Kg6 49. gxf4 gxf4 50. Qh3 Bc6 51. Rd6 Rxd6 52. Qg4+ Kh7 53.
Nxd6 Qd4+ 54. Kg2 Qd2+ 55. Kh3 Qe3+ 56. Kh4 Qf2+ 57. Kh3 Qf3+ 58. Qxf3 exf3 59.
Nc4 f2 60. Nd2 h5 61. a5 Kg6 62. a6 Kg5 63. a7 Ba8 64. c6 Bxc6 65. a8=Q Bxa8
66. Ne4+ Kf5 67. Nxf2 Ke5 68. Kh4 Kd4 69. Kxh5 Ke3 70. Ng4+ Ke2 71. Ne5 f3 72.
Nxf3 1/2-1/2